000 00931nam a22003137a 4500
003 CHAP
005 20220817043110.0
008 971010s1990 r 00010 d
010 _a65642
011 _a66614
035 _a75054
040 _cCHAP
082 _a636.5
_bN67 1990
100 0 0 _aNorth, Mack O.
_981812
245 _aCommercial chicken production manual
250 _a4 ed.
260 _aNew York :
_bAVI,
_c1990
300 _a913 p.
_b; ilus.
500 _a1992-158
590 _aBATCH-UPD
_b10
_c20130110
_lUCH01
_h1759
590 _aCONVERSION
_b10
_c20130109
_lUCH01
_h1336
650 1 4 _aAves de corral.
_98636
650 1 4 _aAvicultura.
901 _aBK
942 _cLIBRO
949 _a636.5 N67 1990
_bBC
_cLIBRO
_d33724000001798
_eLIBRO
_h87944
_i75054
_si
949 _a636.5 N67 1990
_bZ
_cLIBRO
_d-7985
_eLIBRO
_gI.159365
_h1321
_i75054
_si
949 _a636.5 N67 1990
_bZA
_cLIBRO
_d-8474
_eLIBRO
_h6078
_i75054
_si
999 _c65642
_d65642